Middle Pennsylvanian brachiopods from the Mud Springs Mountains and Derry Hills, New Mexico. (Record no. 29352)

MARC details
000 -LEADER
fixed length control field 00942cam a22002651 4500
001 - CONTROL NUMBER
control field gs 59000185
003 - CONTROL NUMBER IDENTIFIER
control field DLC
005 - DATE AND TIME OF LATEST TRANSACTION
control field 20260227111408.0
008 - FIXED-LENGTH DATA ELEMENTS--GENERAL INFORMATION
fixed length control field 760811s1958 nmubc b s000 0 eng c
010 ## - LIBRARY OF CONGRESS CONTROL NUMBER
LC control number gs 59000185
035 ## - SYSTEM CONTROL NUMBER
System control number (OCoLC)2364837
040 ## - CATALOGING SOURCE
Original cataloging agency U.S. Geol. Survey Libr.
Transcribing agency WMUW
Modifying agency DLC
042 ## - AUTHENTICATION CODE
Authentication code premarc
050 00 - LIBRARY OF CONGRESS CALL NUMBER
Classification number QE796
Item number .G4
082 ## - DEWEY DECIMAL CLASSIFICATION NUMBER
Classification number 564.80978967
100 1# - MAIN ENTRY--PERSONAL NAME
Personal name Gehrig, John Leonard.
245 00 - TITLE STATEMENT
Title Middle Pennsylvanian brachiopods from the Mud Springs Mountains and Derry Hills, New Mexico.
260 ## - PUBLICATION, DISTRIBUTION, ETC.
Place of publication, distribution, etc. Socorro,
Name of publisher, distributor, etc. State Bureau of Mines and Mineral Resources, New Mexico Institute of Mining and Technology,
Date of publication, distribution, etc. 1958.
300 ## - PHYSICAL DESCRIPTION
Extent 24 p.
Other physical details 6 plates, maps.
Dimensions 28 cm.
410 10 - SERIES STATEMENT/ADDED ENTRY--CORPORATE NAME [OBSOLETE, CAN/MARC], [LOCAL, USA]
Corporate name or jurisdiction name as entry element New Mexico.
Subordinate unit Bureau of Mines and Mineral Resources.
Title of a work Memoir
Volume number/sequential designation 3
504 ## - BIBLIOGRAPHY, ETC. NOTE
Bibliography, etc. note Bibliography: p.22.
650 #0 - SUBJECT ADDED ENTRY--TOPICAL TERM
Topical term or geographic name entry element Brachiopoda, Fossil.
650 #0 - SUBJECT ADDED ENTRY--TOPICAL TERM
Topical term or geographic name entry element Paleontology
Chronological subdivision Pennsylvanian.
650 #0 - SUBJECT ADDED ENTRY--TOPICAL TERM
Topical term or geographic name entry element Paleontology
Geographic subdivision New Mexico
-- Sierra County.

No items available.

Powered by Koha